Statistiques concernant Les 20 communes les plus peuplées de Belgique

Cliquez ici pour prendre le quiz!

Statistiques générales

  • Ce quiz a été pris 10,861 fois
  • Le résultat moyen est 9 sur 20

Statistiques - réponses

Population Ville % Correct
179 277Bruxelles
99%
197 355Liège
87%
523 248Anvers
83%
118 284Bruges
80%
260 341Gand
71%
201 816Charleroi
70%
110 939Namur
68%
95 299Mons
56%
101 396Louvain
46%
118 382Anderlecht
37%
77 651Hasselt
32%
76 265Courtrai
29%
86 304Malines
27%
97 005Molenbeek
27%
133 010Schaerbeek
24%
86 513Ixelles
23%
82 275Uccle
22%
80 637La Louvière
22%
85 715Alost
13%
76 756Saint-Nicolas
12%

Distribution des résultats

Percentile par nombre de réponses

% des personnes avec chaque résultat

Votre développement - résultats

Vous n’avez pas pris ce quiz